[Event "junior"]
[Site "http://www.queenalice.com/game.php?id=577609"]
[Date "2009.4.25"]
[Round "-"]
[White "juniorr"]
[Black "micha"]
[Result "0-1"]
[WhiteElo "1772"]
[BlackElo "2016"]

1. e4 e5 2. Nf3 Nc6 3. Bc4 Bc5 4. Nc3 d6 5. h3 Qf6 6. Nd5 Qd8 7. d3 h6 8. Bd2
Nd4 9. Nxd4 Bxd4 10. Qf3 Bxb2 11. Nb6 Nf6 12. Rb1 axb6 13. Rxb2 Be6 14. Bxe6
fxe6 15. O-O O-O 16. Qg3 Kh7 17. h4 Nh5 18. Qg4 Qe8 19. g3 Rf6 20. Be3 Qg6 21.
Qxg6+ Rxg6 22. c4 Ra3 23. Rd1 Nf4 24. Bxf4 exf4 25. Kg2 e5 26. Rdd2 fxg3 27.
fxg3 Rf6 28. Rb3 Rxb3 29. axb3 Rf8 30. Ra2 Kg6 31. Ra7 Rb8 32. Kf3 Kh5 33. b4 c6
34. b5 c5 35. Ra3 Rf8+ 36. Kg2 Kg4 37. Ra7 Rf7 38. Ra8 Rf3 39. Rg8 Rxg3+ 40. Kf2
Rf3+ 41. Ke2 Rf7 42. Rd8 Kxh4 43. Rxd6 Rf6 44. Rd5 g5 45. Rxe5 g4 46. Re7 g3 47.
Rg7 h5 48. e5 Re6 49. Kf3 Rxe5 50. Rxg3 Re3+ 51. Kxe3 Kxg3 52. d4 cxd4+ 53. Kxd4
h4 54. c5 bxc5+ 55. Kxc5 h3 56. Kb6 h2 57. Kxb7 h1=Q+ 58. Ka7 Qh7+ 0-1

[Event "junior"]
[Site "http://www.queenalice.com/game.php?id=577770"]
[Date "2009.4.26"]
[Round "-"]
[White "SGF"]
[Black "juniorr"]
[Result "0-1"]
[WhiteElo "1586"]
[BlackElo "1779"]

1. e4 e5 2. Bc4 Nf6 3. Qf3 Bc5 4. d3 d6 5. Bg5 Bg4 6. Bxf6 Bxf3 7. Bxd8 Bxg2 8.
Bxc7 Nc6 9. a3 Nd4 10. Kd2 b6 11. c3 Ne6 12. Bxe6 fxe6 13. b4 Bxf2 14. Bxd6 Bxh1
15. Ne2 Bf3 16. Bxe5 Bxe2 17. Kxe2 Bh4 18. Bxg7 Rg8 19. Be5 Rg5 20. d4 Kd7 21.
Nd2 Rag8 22. Nf3 Rg2+ 23. Kd3 Bg5 24. h4 Bh6 25. Rf1 Bg7 26. Bxg7 R8xg7 27. Ne5+
Kd6 28. Nf7+ Ke7 29. Ne5 b5 30. h5 R7g5 31. h6 Rh5 32. Rf7+ Ke8 33. Rf6 Ke7 34.
Rf7+ Kd8 35. Rf6 Rgh2 36. Ke3 R5h3+ 37. Nf3 Ke7 38. e5 Rh1 39. Ke4 Rxh6 40. Rxh6
Rxh6 41. d5 exd5+ 42. Kxd5 Rh3 43. Ng5 Rxc3 44. Nxh7 Rxa3 45. Kc6 a6 46. Kc5 Ke6
47. Kd4 Ra1 48. Ng5+ Ke7 49. Kc5 Rg1 50. Nf3 Rg3 51. Nd4 Rc3+ 52. Kb6 Ra3 53. e6
Ra4 54. Kc5 Kf6 55. Nxb5 axb5 56. Kxb5 Ra1 57. Kc5 Kxe6 58. b5 Rc1+ 59. Kb4 Kd6
60. Ka5 Kc5 61. Ka6 Rb1 62. b6 Kc6 63. Ka5 Rxb6 64. Ka4 Rb8 65. Ka3 Kc5 66. Ka4
Rb7 67. Ka3 Kc4 68. Ka4 Ra7# 0-1

[Event "junior"]
[Site "http://www.queenalice.com/game.php?id=578157"]
[Date "2009.4.26"]
[Round "-"]
[White "juniorr"]
[Black "khran"]
[Result "0-1"]
[WhiteElo "1821"]
[BlackElo "1835"]

1. e4 c5 2. Bc4 Nf6 3. e5 d5 4. Bb5+ Bd7 5. exf6 Bxb5 6. fxg7 Bxg7 7. Nc3 Bc6 8.
Nh3 e5 9. Qh5 Nd7 10. Ng5 Qe7 11. d3 Nf6 12. Qe2 O-O-O 13. Nf3 Rhe8 14. O-O Ng4
15. h3 Nh6 16. Bg5 f6 17. Bxh6 Bxh6 18. Rae1 Bf4 19. Nh4 Qg7 20. Qh5 Qg5 21.
Qxh7 d4 22. Ne4 Bxe4 23. Qxe4 Qxh4 24. Qf5+ Kb8 25. Re4 Rg8 26. Rfe1 Rg5 27. Qe6
Rdg8 28. g3 Qh5 29. Kf1 Bd2 30. Rh4 Qg6 31. Ree4 a6 32. Reg4 Re8 33. Qd6+ Ka8
34. Rxg5 Bxg5 35. Re4 Qh5 36. h4 Bc1 37. b3 Qd1+ 38. Kg2 Qxc2 0-1

[Event "junior"]
[Site "http://www.queenalice.com/game.php?id=578168"]
[Date "2009.4.26"]
[Round "-"]
[White "juniorr"]
[Black "frank_lasker"]
[Result "1-0"]
[WhiteElo "1805"]
[BlackElo "1747"]

1. e4 e5 2. Nf3 Nf6 3. Nc3 Nc6 4. Bc4 Bc5 5. d3 O-O 6. Bb5 d5 7. Bxc6 bxc6 8.
Nxe5 Qd6 9. Bf4 Bb4 10. a3 Ba5 11. b4 Bb6 12. Ng6 Qe6 13. Nxf8 Kxf8 14. O-O Ng4
15. exd5 cxd5 16. d4 Qg6 17. Nxd5 Nf6 18. Nxc7 Bxc7 19. Bxc7 Bh3 20. Qf3 Rc8 21.
Bd6+ Kg8 22. Qxh3 Rd8 23. Bc7 Rf8 24. c4 h6 25. Bd6 Rd8 26. c5 Kh7 27. Rad1 Ne4
28. Qd3 f5 29. Qa6 Rd7 30. Qc8 Rf7 31. b5 Nc3 32. Rde1 Nxb5 33. Re8 Qf6 34. Rfe1
Nxd4 35. Rh8+ Kg6 36. Be5 Re7 37. Re8 Rxe5 38. R8xe5 Qg5 39. Re6+ Kh5 40. Qe8+
Kh4 41. R6e4+ fxe4 42. Qxe4+ 1-0

[Event "junior"]
[Site "http://www.queenalice.com/game.php?id=578174"]
[Date "2009.4.26"]
[Round "-"]
[White "juniorr"]
[Black "Eduardomoreto67"]
[Result "0-1"]
[WhiteElo "1806"]
[BlackElo "2022"]

1. e4 c5 2. Bc4 e6 3. Nf3 Nc6 4. Nc3 Nf6 5. d3 d6 6. Bb5 Bd7 7. Bg5 Be7 8. Qe2
O-O 9. O-O a6 10. Bxc6 Bxc6 11. e5 dxe5 12. Nxe5 Qc7 13. Nxc6 Qxc6 14. Ne4 Qd5
15. Nxf6+ Bxf6 16. b3 Bxa1 17. Be7 Rfe8 18. Bxc5 Qxc5 19. Rxa1 h6 20. c4 Rad8
21. Rd1 e5 22. Qe4 Rd4 23. Qe3 e4 24. b4 Qxc4 25. g3 Rxd3 26. Rxd3 Qxd3 27. Qb6
Rc8 28. Kg2 Rc1 29. Kh3 Qf3 30. Qxb7 Rg1 31. Qc8+ Kh7 32. Qxa6 Qh5# 0-1

[Event "junior"]
[Site "http://www.queenalice.com/game.php?id=578179"]
[Date "2009.4.26"]
[Round "-"]
[White "juniorr"]
[Black "MarcioDiasRamos"]
[Result "0-1"]
[WhiteElo "1766"]
[BlackElo "1748"]

1. e4 c5 2. Bc4 Nc6 3. Qh5 e6 4. Nf3 Nf6 5. Qh4 Be7 6. d3 d5 7. exd5 Nxd5 8. Qg4
Bf6 9. Bg5 Bxg5 10. Nxg5 Ne5 11. Bb5+ Bd7 12. Bxd7+ Qxd7 13. Qg3 f6 14. Ne4
O-O-O 15. Nxc5 Qc6 16. d4 Nc4 17. b3 Nb4 18. Qc3 Qxg2 19. Qxc4 Qxh1+ 20. Ke2 Rd6
21. Qxb4 Rb6 22. Qc4 g5 23. Qc3 Rc6 24. Na3 Qxh2 25. Nb5 Qh5+ 26. Kd2 Kb8 27.
Nd7+ Ka8 28. Nc7+ Rxc7 29. Qxc7 g4 30. Nc5 Qh6+ 31. Kc3 Qh3+ 32. Kb4 Qf3 33.
Nxe6 Qd5 34. Qf7 Qd6+ 35. Kc3 Rc8+ 36. Kb2 Qc6 37. c4 b5 38. Rc1 Qf3 39. Nc5
Qxf2+ 40. Rc2 Qxd4+ 41. Kb1 Qxc5 42. Qxf6 Rf8 43. Qe6 Qa3 44. Qd5+ Kb8 45. Qe5+
Kb7 46. Qxb5+ Kc7 47. Qe5+ Kc6 48. Qe4+ Kc7 49. Qxh7+ Kc6 50. Qg6+ Kc5 51. Qg5+
Kc6 52. Qb5+ Kc7 53. Qe5+ Kc6 54. Qe4+ Kc7 0-1

[Event "junior"]
[Site "http://www.queenalice.com/game.php?id=578180"]
[Date "2009.4.26"]
[Round "-"]
[White "juniorr"]
[Black "junior11"]
[Result "0-1"]
[WhiteElo "1749"]
[BlackElo "1773"]

1. e4 c5 2. Bc4 e5 3. Qh5 Qf6 4. d3 d6 5. Nf3 Be6 6. Bg5 Qg6 7. Qxg6 hxg6 8.
Bxe6 fxe6 9. h4 Be7 10. Nc3 Nf6 11. Bxf6 gxf6 12. O-O-O Nc6 13. Rh3 Kd7 14. Rdh1
Rh7 15. h5 g5 16. g4 Rh6 17. Nd2 a6 18. Nc4 Bd8 19. Na4 Rb8 20. Ne3 b5 21. Nc3
Be7 22. b3 Nd4 23. f3 b4 24. Na4 Rb7 25. Kd2 Bd8 26. c3 bxc3+ 27. Nxc3 Ba5 28.
Rc1 Bb4 29. Nc4 d5 30. Ne3 Kd6 31. Kd1 Ba3 32. Rb1 a5 0-1

[Event "junior"]
[Site "http://www.queenalice.com/game.php?id=580840"]
[Date "2009.5.1"]
[Round "-"]
[White "juniorr"]
[Black "tewald"]
[Result "0-1"]
[WhiteElo "1813"]
[BlackElo "1806"]

1. e4 e6 2. Nf3 d5 3. e5 c5 4. d3 Nc6 5. Bg5 Be7 6. Bxe7 Ngxe7 7. Nc3 Ng6 8. Nb5
Qa5+ 9. Nc3 d4 10. b4 Qxb4 11. Qd2 dxc3 12. Qc1 Ncxe5 13. Rb1 Nxf3+ 14. gxf3 Qf4
15. Qxf4 Nxf4 16. Rb3 Nd5 17. Bg2 Rb8 18. O-O b5 19. Ra1 a5 20. Rab1 b4 21. d4
a4 22. f4 axb3 23. axb3 Nxf4 24. dxc5 Nxg2 25. Kxg2 Bb7+ 26. Kg1 Ra8 0-1

[Event "junior"]
[Site "http://www.queenalice.com/game.php?id=580851"]
[Date "2009.5.1"]
[Round "-"]
[White "juniorr"]
[Black "Warley"]
[Result "0-1"]
[WhiteElo "1827"]
[BlackElo "2087"]

1. e4 d6 2. Bc4 Nf6 3. Nf3 Nxe4 4. d3 Nf6 5. Ng5 d5 6. Bb3 Bg4 7. f3 Bh5 8. g4
Bg6 9. h4 h6 10. Nh3 e6 11. Bd2 Bc5 12. Nc3 Qd6 13. Qe2 Qg3+ 14. Kd1 Nc6 15. Nf4
Nd4 16. Qe3 Nxb3 17. Qe1 Qxe1+ 18. Bxe1 Nxa1 19. Kd2 Be3+ 20. Kxe3 Nxc2+ 21. Kd2
Nxe1 22. Rxe1 Kd7 23. h5 Bh7 24. Rc1 c6 25. Na4 b6 26. Rc3 e5 27. Ne2 Rhe8 28.
Ng3 Kd6 29. b3 d4 30. Rc1 Rac8 31. Nb2 b5 32. b4 c5 0-1

[Event "junior"]
[Site "http://www.queenalice.com/game.php?id=581019"]
[Date "2009.5.1"]
[Round "-"]
[White "juniorr"]
[Black "squarsh"]
[Result "1-0"]
[WhiteElo "1789"]
[BlackElo "1832"]

1. e4 d5 2. e5 Bf5 3. Na3 e6 4. d4 c5 5. dxc5 Bxc5 6. Bd3 Qc7 7. Bb5+ Nc6 8. Bf4
Qb6 9. Qe2 Bxa3 10. bxa3 Qd4 11. Bxc6+ bxc6 12. Rb1 Qc3+ 13. Qd2 Qxc2 14. Qxc2
Bxc2 15. Rc1 Ba4 16. Nf3 Bb5 17. Nd4 Ne7 18. Bg5 f6 19. exf6 Nf5 20. fxg7 Nxg7
21. Bf6 Kf7 22. Bxg7 Kxg7 23. Nxe6+ Kf6 24. Nd4 Rhe8+ 25. Kd2 Re4 26. Nxc6 Re2+
27. Kd1 Rxf2 28. Nd4 Ba4+ 29. Ke1 Rxg2 30. Rf1+ Ke5 31. Nf3+ Kd6 32. Rf2 Rag8
33. Rc3 Bb5 34. Rcc2 R2g4 35. Rb2 Rb8 36. Rb4 Rc4 37. Rfb2 Kc7 38. Rxb5 Rxb5 39.
Rxb5 Rc2 40. Rxd5 Rxa2 41. Rd3 a5 42. h4 Rg2 43. Re3 1-0

[Event "junior"]
[Site "http://www.queenalice.com/game.php?id=581020"]
[Date "2009.5.1"]
[Round "-"]
[White "juniorr"]
[Black "MadScot"]
[Result "0-1"]
[WhiteElo "1811"]
[BlackElo "1879"]

1. e4 c6 2. Bc4 d5 3. exd5 cxd5 4. Bb3 Nf6 5. d3 e5 6. Nf3 Nc6 7. Ba4 Qa5+ 8.
Nc3 d4 9. Bxc6+ bxc6 10. Bd2 dxc3 11. Bxc3 Qb5 12. Bxe5 Bg4 13. Bxf6 gxf6 14.
Rb1 Bd6 15. Qe2+ Kd7 16. O-O Rae8 17. Ne5+ Qxe5 18. h3 Qh2# 0-1

[Event "junior"]
[Site "http://www.queenalice.com/game.php?id=581021"]
[Date "2009.5.1"]
[Round "-"]
[White "juniorr"]
[Black "Hakkinen"]
[Result "0-1"]
[WhiteElo "1806"]
[BlackElo "1920"]

1. e4 c5 2. Nf3 d6 3. Bc4 Bg4 4. Ne5 dxe5 5. Qxg4 Nf6 6. Qf5 Nc6 7. c3 e6 8. Qf3
Be7 9. Na3 a6 10. O-O O-O 11. d3 b5 12. Bb3 b4 13. cxb4 cxb4 14. Nc4 Nd4 15. Qd1
Nd7 16. Be3 Nc5 17. Bxd4 exd4 18. a3 bxa3 19. bxa3 Rb8 20. Rb1 h6 21. Rb2 Rb7
22. Qc2 Nxb3 23. Rxb3 Rxb3 24. Qxb3 Qc7 25. Rc1 Rb8 26. Qa4 Qb7 27. g3 Qb3 28.
Qxb3 Rxb3 29. Ne5 Bxa3 30. Ra1 a5 31. Kf1 Bb4 32. Ke2 Rb2+ 33. Kf3 Bc3 34. Ra4
Rb1 0-1

[Event "junior"]
[Site "http://www.queenalice.com/game.php?id=581086"]
[Date "2009.5.1"]
[Round "-"]
[White "juniorr"]
[Black "fire4"]
[Result "0-1"]
[WhiteElo "1804"]
[BlackElo "1826"]

1. e4 c5 2. Bc4 d6 3. Qf3 Nf6 4. Nh3 Bg4 5. Qb3 e6 6. Qxb7 Nbd7 7. Bb5 Be7 8. d3
O-O 9. Bxd7 Nxd7 10. Qb3 Bf6 11. c3 Ne5 12. Qc2 Qa5 13. f3 Bxh3 14. gxh3 Nxf3+
15. Kf2 Ne5 16. Bf4 Bh4+ 17. Ke3 c4 18. Bxe5 Qxe5 19. Na3 Qg5+ 20. Ke2 Qg2+ 21.
Ke3 Bg5+ 22. Kd4 e5+ 23. Kxc4 Rfc8+ 24. Kb4 Rab8+ 25. Ka4 Rc6 26. b4 Qxc2+ 27.
Nxc2 Rxc3 28. Ne1 Bd2 29. Rd1 Bxe1 30. Rhxe1 Rb6 31. Re2 Ra6+ 32. Kb5 Raa3 33.
Red2 Kf8 34. h4 Ke7 35. h5 Kd7 36. Rf1 f6 37. Rg1 g5 38. hxg6 Kc7 39. gxh7 a6#
0-1

[Event "Challenge"]
[Site "http://www.queenalice.com/game.php?id=581087"]
[Date "2009.5.1"]
[Round "-"]
[White "juniorr"]
[Black "fire4"]
[Result "0-1"]
[WhiteElo "1842"]
[BlackElo "1861"]

1. e4 b6 2. Bc4 Bb7 3. Qf3 e6 4. Nh3 h6 5. d3 Nc6 6. c3 Ne5 7. Qg3 Nxc4 8. dxc4
Bxe4 9. Nd2 Bb7 10. O-O g5 11. Qg4 Nf6 12. Qd4 Bc5 13. Qe5 d6 14. Qe2 g4 15. Nf4
h5 16. Re1 Qe7 17. b4 O-O-O 18. bxc5 dxc5 19. Nb3 h4 20. Nd3 Qd6 21. Bg5 Qc6 22.
f3 gxf3 23. gxf3 Rhg8 24. f4 Qh1+ 25. Kf2 Qg2+ 26. Ke3 Ng4+ 27. Kd2 Qxe2+ 28.
Rxe2 f6 29. Bxh4 Rd6 30. Rg1 Rgd8 31. Rxg4 Rxd3+ 32. Kc2 Bf3 33. Rgg2 Bxe2 34.
Rxe2 Rh3 35. Bxf6 Rdd3 36. Rxe6 Rdf3 37. Re8+ Kb7 38. Be5 Rxh2+ 39. Nd2 Rff2 40.
Rd8 Rh1 41. Rd7 Ka6 42. Bxc7 Ra1 43. Kb2 Rh1 44. Bb8 b5 45. Rxa7+ Kb6 46. Rd7
bxc4 47. Ka3 Kc6 48. Rc7+ Kd5 49. Rd7+ Ke6 50. Rd6+ Ke7 51. Rd5 Rh3 52. Nb1 Rf1
53. Kb2 Rh2+ 54. Nd2 Rff2 55. Bd6+ Ke6 56. Bxc5 Kxd5 0-1

[Event "junior"]
[Site "http://www.queenalice.com/game.php?id=581088"]
[Date "2009.5.1"]
[Round "-"]
[White "juniorr"]
[Black "cessna82783"]
[Result "0-1"]
[WhiteElo "1797"]
[BlackElo "1938"]

1. e4 e5 2. Nf3 d6 3. Bc4 Be6 4. Bxe6 fxe6 5. d3 Be7 6. Nc3 Nf6 7. Bg5 O-O 8.
Qd2 Nc6 9. h4 Nh5 10. O-O-O d5 11. g4 Nf4 12. Rh2 d4 13. Na4 Qd7 14. b3 b5 15.
Nb2 Bb4 16. c3 Bxc3 17. Qc2 Nb4 18. Qb1 Ne2# 0-1

[Event "junior"]
[Site "http://www.queenalice.com/game.php?id=581125"]
[Date "2009.5.1"]
[Round "-"]
[White "juniorr"]
[Black "Donyelko"]
[Result "1-0"]
[WhiteElo "1807"]
[BlackElo "2000"]

1. e4 c5 2. Bc4 e6 3. d3 g6 4. Nh3 Bg7 5. Bg5 Bf6 6. Bxf6 Nxf6 7. Qf3 Nc6 8. c3
Ne5 9. Qe2 Nxc4 10. dxc4 O-O 11. Nd2 d5 12. cxd5 exd5 13. O-O Bxh3 14. gxh3 Re8
15. f3 dxe4 16. fxe4 b6 17. Rf4 Rc8 18. Raf1 Re6 19. Qf2 Rcc6 20. e5 Kg7 21.
exf6+ Rxf6 22. Rxf6 Rxf6 23. Qxf6+ Qxf6 24. Rxf6 Kxf6 25. Kf2 Ke5 26. Kf3 f5 27.
h4 h6 28. b3 b5 29. a4 a6 30. Ke3 g5 31. hxg5 hxg5 32. Nf3+ Kf6 33. a5 g4 34.
Nh4 Kg5 35. Ng2 b4 36. cxb4 cxb4 37. Nf4 Kh4 38. Kf2 1-0

[Event "junior"]
[Site "http://www.queenalice.com/game.php?id=581128"]
[Date "2009.5.1"]
[Round "-"]
[White "juniorr"]
[Black "TheAlchemist"]
[Result "0-1"]
[WhiteElo "1787"]
[BlackElo "2137"]

1. e4 e5 2. Nf3 Nc6 3. Bc4 Nf6 4. d3 Bc5 5. Ng5 d5 6. exd5 b5 7. Bxb5 Qxd5 8.
Qf3 Bxf2+ 9. Kxf2 Qxb5 10. Nc3 Qb6+ 11. Be3 Ng4+ 12. Qxg4 Bxg4 13. Bxb6 axb6 14.
Nd5 Kd7 15. Ke1 f6 16. Ne4 Be6 17. Ndc3 Nd4 18. Kd2 c5 19. a4 Kc6 20. Rhf1 Rhd8
21. Ra3 c4 22. Rfa1 cxd3 23. cxd3 Nb3+ 24. Rxb3 Bxb3 25. g3 Rd4 26. Ra3 Bxa4 27.
b3 f5 28. Nf2 b5 29. bxa4 b4 30. Rb3 bxc3+ 31. Rxc3+ Kd6 32. Nh3 Raxa4 33. Ng5
Ra2+ 34. Ke3 h6 35. Nf3 Kd5 36. Rb3 f4+ 0-1

[Event "junior"]
[Site "http://www.queenalice.com/game.php?id=581129"]
[Date "2009.5.1"]
[Round "-"]
[White "juniorr"]
[Black "Arthur0007"]
[Result "1/2-1/2"]
[WhiteElo "1785"]
[BlackElo "2099"]

1. e4 e5 2. Nf3 Nf6 3. Nxe5 d6 4. Nc4 b5 5. Na5 Bd7 6. Qf3 c6 7. Nb3 Be7 8. d4
O-O 9. Bg5 Nxe4 10. Bxe7 Qxe7 11. Be2 Nf6 12. h3 Re8 13. Nc1 Be6 14. O-O Bd5 15.
Qg3 Ne4 16. Qf4 Qf6 17. Qxf6 Nxf6 18. Nc3 Nbd7 19. Bd3 Bc4 20. Bxc4 bxc4 21.
N1e2 d5 22. Rae1 Ne4 23. Nf4 f5 24. Re3 Kf7 25. Rfe1 Ndf6 26. Nxe4 Rxe4 27. f3
Rxe3 28. Rxe3 Re8 29. Rxe8 Nxe8 30. c3 g5 31. Ne2 Nd6 32. Nc1 Ke6 33. Kf2 Nb7
34. Kg3 h5 35. h4 g4 36. fxg4 fxg4 37. Ne2 Kf5 38. Kf2 Nd6 39. Ke3 Ne8 40. Ng3+
Kg6 41. Kf4 Ng7 42. Ke5 a5 43. a4 Ne8 44. Ke6 Nf6 45. Ke5 Nd7+ 46. Kd6 Nb6 47.
Kxc6 Nxa4 48. Kb5 Nxb2 49. Kxa5 Nd1 50. Ne2 Kf5 51. g3 Ke4 52. Nf4 Nxc3 53. Nxh5
Ne2 54. Nf6+ Kxd4 55. h5 c3 56. h6 c2 57. h7 c1=Q 58. h8=Q Qc5+ 59. Ka6 Qd6+ 60.
Kb7 Qe5 61. Qg7 Nxg3 62. Qxg4+ Ne4 63. Qd1+ Kc4 64. Qa4+ Kd3 65. Qb5+ Ke3 66.
Ng4+ Kf4 67. Nxe5 Nd6+ 68. Kc6 Nxb5 69. Kxd5 1/2-1/2

[Event "junior"]
[Site "http://www.queenalice.com/game.php?id=584794"]
[Date "2009.5.7"]
[Round "-"]
[White "celsoMartins"]
[Black "juniorr"]
[Result "1-0"]
[WhiteElo "1763"]
[BlackElo "1789"]

1. d4 Nf6 2. c4 e6 3. Nc3 Bb4 4. Bg5 h6 5. Bxf6 Qxf6 6. Nf3 b6 7. e4 Bb7 8. Qc2
Nc6 9. e5 Qg6 10. Qxg6 Bxc3+ 11. bxc3 fxg6 12. Bd3 g5 13. Bg6+ Ke7 14. O-O Na5
15. Nd2 Ba6 16. f4 Bxc4 17. Nxc4 Nxc4 18. fxg5 Rhf8 19. gxh6 gxh6 20. h4 Ne3 21.
Rxf8 Rxf8 22. h5 Rf4 23. Re1 Ng4 24. g3 Rf2 25. Re4 Rxa2 26. Rxg4 a5 27. Rf4 a4
28. Rf7+ Kd8 29. Rf8+ Ke7 30. Re8# 1-0

[Event "junior"]
[Site "http://www.queenalice.com/game.php?id=584795"]
[Date "2009.5.7"]
[Round "-"]
[White "juniorr"]
[Black "Mike36bh"]
[Result "0-1"]
[WhiteElo "1795"]
[BlackElo "1857"]

1. e4 e5 2. Nf3 d6 3. Bc4 h6 4. Nc3 Nf6 5. d3 a6 6. Nd5 Nxd5 7. Bxd5 c6 8. Bb3
Be7 9. Be3 Be6 10. Bxe6 fxe6 11. g3 Bf6 12. h4 d5 13. exd5 exd5 14. Qe2 d4 15.
Bxd4 Nd7 16. Bxe5 Bxe5 17. Nxe5 O-O 18. Nxd7 Re8 19. Ne5 Qd5 20. O-O Rxe5 21.
Qg4 Rae8 22. Qb4 Qd7 23. Rfe1 Rb5 24. Rxe8+ Qxe8 25. Qc3 Qf7 26. a4 Rf5 27. Rf1
c5 28. Qb3 Qxb3 29. cxb3 Rf3 30. Rd1 Kf7 31. Kg2 Rf6 32. Rc1 b6 33. Rc4 Re6 34.
Rf4+ Kg6 35. b4 Re2 36. bxc5 bxc5 37. b4 cxb4 38. Rxb4 a5 39. Rb5 Rd2 40. Rd5
Kf6 41. Kf3 Ke6 42. Rd4 h5 43. Ke3 Rd1 44. Rc4 g6 45. Rc6+ Kf7 46. Ra6 Re1+ 47.
Kf4 Rd1 48. Rxa5 Rxd3 49. Ra7+ Kf6 50. a5 Rd2 51. Ke3 Ra2 52. Ra8 Kf5 53. a6
Ra3+ 54. Ke2 Ke4 0-1